000 00285nam a22001217a 4500
008 170320b xxu||||| |||| 00| 0 eng d
041 _aeng
080 _a616.8
100 _a7
101 _aSHM
245 _aLANGUAGE INTERVENTION STRAGIES IN ADULT APHASIA
_cCHAPEY.R
942 _2udc
_cBK
999 _c8110
_d8110